Derecho de menores (Record no. 35396)

MARC details
000 -LEADER
fixed length control field 00690nam a22002057a 4500
005 - DATE AND TIME OF LATEST TRANSACTION
control field 20250707083722.0
008 - FIXED-LENGTH DATA ELEMENTS--GENERAL INFORMATION
fixed length control field 121128t mx||||| |||| 00| 0 spa d
020 ## - INTERNATIONAL STANDARD BOOK NUMBER
International Standard Book Number 9505081731
050 04 - LIBRARY OF CONGRESS CALL NUMBER
Classification number KHA462.M54
Item number D36 1986
100 1# - MAIN ENTRY--PERSONAL NAME
Personal name D'Antonio, Daniel Hugo
245 10 - TITLE STATEMENT
Title Derecho de menores
Statement of responsibility, etc / Daniel Hugo D'Antonio.
250 ## - EDITION STATEMENT
Edition statement 3a ed.
Remainder of edition statement actualizada y ampliada
260 ## - PUBLICATION, DISTRIBUTION, ETC. (IMPRINT)
Place of publication, distribution, etc Buenos Aires :
Name of publisher, distributor, etc Astrea De Alferedo y Ricardo Depalma,
Date of publication, distribution, etc 1986
300 ## - PHYSICAL DESCRIPTION
Extent xv, 408 p. ;
Dimensions 23 cm.
504 ## - BIBLIOGRAPHY, ETC. NOTE
Bibliography, etc Incluye apéndice
504 ## - BIBLIOGRAPHY, ETC. NOTE
Bibliography, etc Incluye apéndice, bibliografía : p. 401-408
650 #7 - SUBJECT ADDED ENTRY--TOPICAL TERM
Source of heading or term lemb
Topical term or geographic name as entry element Derecho civil
Geographic subdivision Argentina
650 #7 - SUBJECT ADDED ENTRY--TOPICAL TERM
Source of heading or term lemb
Topical term or geographic name as entry element Niños
General subdivision Situación legal
Geographic subdivision Argentina
942 ## - ADDED ENTRY ELEMENTS (KOHA)
Source of classification or shelving scheme Biblioteca del Cogreso de los Estados Unidos
Koha item type Libro
Holdings
Estado de pérdida Fuente de clasificación Estado del daño No para préstamo Ubicación permanente Ubicación actual Apartado o colección Fecha de adquisición Fuente de adquisición Edición Enumeración de Serie / Cronológica Área del conocimiento Clasificación Código de Barras Date last seen Número de copia Costo por reposición Tipo de recurso
  Biblioteca del Cogreso de los Estados Unidos     Biblioteca de la Facultad de Derecho y Ciencias Sociales "Felipe J. Tena" Biblioteca de la Facultad de Derecho y Ciencias Sociales "Felipe J. Tena" General 28/11/2012   3a ed. BFD000003148 Ciencias Sociales y Administrativas KHA462.M54 D36 1986 BFD000003148 16/01/2015 1 1.00 Libro